000 01077nam0a22003251 4500
001 v19\rc\1765359
005 20061204161109.0
035 _a(NLR Aleph) 004864550
090 _a5043030
_c5043030
100 _a20061204d1903 |||y0rusy50 ca
101 0 _arus
102 _aRU
105 _ay z |||||
200 1 _aВоспоминания Марии Александровны Паткуль, рожденной маркизы де Траверсе, за три четверти XIX столетия
210 _aСанкт-Петербург
_cтип. А.С. Суворина
_d1903
215 _a[2], VI, 226 с.
_d24
700 1 _aПаткуль
_bМ. А.
_f1822-1900
_gМария Александровна
801 0 _aRU
_bNLR
_gpsbo
801 0 _aRU
_bRuMoRGB
_2psbo
801 1 _aRU
_bProSoft-M
_2rusmarc
852 _aNLR
_j34.9.6.35
852 _aNLR
_bМф
_jК1/28890
899 _aRuMoRGB
_jG 77/38
899 _aRuMoRGB
_jP 10/79
899 _aБАН
899 _aНБ СПбГУ
899 _aГПИБ
899 _aНБ МГУ
942 _cBOOK
980 _aNB